000 00644nab a2200169 4500
003 ES-SlBCS
005 20220907161511.0
008 141014s2013 rm ||||| |||| 00| 0 rum d
040 _aES-SlBCS
_bspa
100 1 0 _aVasilescu, Oana
_9329964
245 1 0 _aUnele consideratii privitoare la metoda fenomenologiei husserliene
_cOana Vasilescu
246 1 1 _aConsiderations Concerning Husserl's Phenomenological Method
650 0 4 _aFenomenología
_986431
600 0 _aHusserl, Edmund
_d, 1859-1938
_xCrítica e interpretación
_9120926
773 0 _gVol. 60, Nº 5-6, 2013, págs. 626-630
_tRevista de Filosofie
_wRev952
_x0034-8260
942 _2lcc
_cAR
999 _c849017
_d849017